Nový zákon o ochrane prírody a krajiny

Bibliographic Details
Main Author: Bizubová, Mária, 1945- (Author)
Format: Article
Language:Slovak
PhysicalDescription:Fotogr.
ISSN:1335-9258
Subjects:

MARC

LEADER 00000nab a2200000 a 4500
001 vtls000886408
003 SK-MaSNL
005 20260426102333.0
008 250429c2004 xo 0 slo
015 |a SNBRB2004/09-28422 
035 |a CLN000237845 
035 |a urn:nbn:sk:snk-ab2foj 
035 |a (urnnbn)urn:nbn:sk:snk:ar-a02d7a 
035 |a (uuid)61c964ea-8dd0-4166-96f3-3b20c6ffdace 
040 |a SNKBUCL  |b slo  |c SNKBUCL  |e AACR2 
041 0 |a slo 
044 |a xo  |c SK 
080 |a 504.54(437.6)  |2 1997 
080 |a 502.34(437.6):504.54  |2 1997 
080 |a 349.6(437.6)  |2 1997 
100 1 |a Bizubová, Mária,  |d 1945-  |4 aut  |9 200440 
245 1 0 |a Nový zákon o ochrane prírody a krajiny  |c Mária Bizubová 
300 |b Fotogr. 
504 |a Bibliogr. odkazy 
630 0 7 |a Zákon o ochrane prírody a krajiny  |2 snkbucl  |9 690800 
650 0 7 |a ochrana prírody  |2 snkbucl  |9 3778 
650 0 7 |a ochrana krajiny  |2 snkbucl  |9 68444 
655 7 |a články z novín a časopisov  |2 snkbucl  |9 267496 
773 0 |t Geografia  |g Roč. 12, č. 1 (2004), s. 26-29  |x 1335-9258 
850 |a Slovenská národná knižnica 
852 |a Slovenská národná knižnica 
954 |a odborná, vedecká literatúra pôvodná (slovenská)  |2 lita 
958 |a article27 
958 |a NB 
958 |a OND 
958 |a EUIPO 
992 |a RBX 
999 |c 3253513  |d 3255443